[Event "Niedersachsen-ch op-B"]
[Site "Verden"]
[Date "2014.01.04"]
[Round "6"]
[White "Helmer, Andreas"]
[Black "Friedrichs, Jan"]
[Result "1-0"]
[WhiteElo "1718"]
[BlackElo "984"]
[PlyCount "79"]
[EventDate "2014.01.02"]
[EventType "swiss"]
[EventRounds "7"]
[EventCountry "GER"]
[SourceTitle "EXT 2016"]
[Source "ChessBase"]
[SourceDate "2015.10.08"]
[SourceVersion "1"]
[SourceVersionDate "2015.10.08"]
[SourceQuality "1"]

1. f4 d5 2. Nf3 e6 3. e3 Nf6 4. b3 Be7 5. Bb2 0-0 6. c4 c6 7. cxd5 cxd5 8. Bd3 Nbd7 9. Nc3 a6 10. Rc1 b5 11. Ne2 Bb7 12. 0-0 Rc8 13. Rxc8 Qxc8 14. Qe1 h6 15. Qg3 Nc5 16. Rc1 Qd8 17. Bb1 Nce4 18. Qe1 Re8 19. Ned4 Qd7 20. Ne5 Qd6 21. d3 Nc5 22. Ba3 Qb6 23. Bb2 a5 24. Ndf3 Nfd7 25. Bd4 Nxe5 26. Nxe5 Rd8 27. Qg3 Bf8 28. Ng4 Kh7 29. Rxc5 Bxc5 30. Bxc5 Qc6 31. Ne5 Qc7 32. d4+ Kh8 33. Qh4 a4 34. b4 Kg8 35. Ng4 Bc6 36. Nxh6+ gxh6 37. Qxh6 f5 38. Qxe6+ Kg7 39. Qxf5 Rh8 40. Qg6# 1-0

[Event "Niedersachsen-ch op-B"]
[Site "Verden"]
[Date "2014.01.02"]
[Round "1"]
[White "Friedrichs, Jan"]
[Black "Polster, Christian"]
[Result "0-1"]
[WhiteElo "984"]
[BlackElo "1753"]
[PlyCount "56"]
[EventDate "2014.01.02"]
[EventType "swiss"]
[EventRounds "7"]
[EventCountry "GER"]
[SourceTitle "EXT 2016"]
[Source "ChessBase"]
[SourceDate "2015.10.08"]
[SourceVersion "1"]
[SourceVersionDate "2015.10.08"]
[SourceQuality "1"]

1. e4 c5 2. Nf3 d6 3. d4 cxd4 4. Nxd4 Nf6 5. Nc3 g6 6. Bg5 Bg7 7. Bd3 0-0 8. f4 Ng4 9. Nce2 Qb6 10. c3 e5 11. fxe5 dxe5 12. h3 exd4 13. hxg4 dxc3 14. bxc3 Bxg4 15. Rh4 Bxc3+ 16. Kf1 Bxe2+ 17. Kxe2 Qb2+ 18. Bc2 Qxa1 19. Qd3 Bf6 20. Bxf6 Qxf6 21. Qh3 Nc6 22. g3 Nd4+ 23. Kd3 Nxc2 24. Kxc2 Rac8+ 25. Kd2 Rfd8+ 26. Ke3 Rc3+ 27. Ke2 Qf3+ 28. Ke1 Rd1# 0-1

[Event "Niedersachsen-ch op-B"]
[Site "Verden"]
[Date "2014.01.02"]
[Round "2"]
[White "Kiesel, Lucas"]
[Black "Friedrichs, Jan"]
[Result "1-0"]
[WhiteElo "1312"]
[BlackElo "984"]
[PlyCount "81"]
[EventDate "2014.01.02"]
[EventType "swiss"]
[EventRounds "7"]
[EventCountry "GER"]
[SourceTitle "EXT 2016"]
[Source "ChessBase"]
[SourceDate "2015.10.08"]
[SourceVersion "1"]
[SourceVersionDate "2015.10.08"]
[SourceQuality "1"]

1. Nf3 d5 2. g3 Nf6 3. Bg2 e6 4. 0-0 Be7 5. d3 0-0 6. Nbd2 c6 7. e4 Nbd7 8. b3 a6 9. Bb2 b5 10. e5 Ng4 11. h3 Nh6 12. d4 f6 13. Qe2 Bb7 14. g4 f5 15. Ne1 a5 16. f3 Ba6 17. Nd3 b4 18. Rfc1 Rc8 19. Qe3 Qb6 20. c4 bxc3 21. Bxc3 c5 22. dxc5 f4 23. Qd4 Rxc5 24. Kh2 Bxd3 25. Qxd3 Qb5 26. Qxb5 Rxb5 27. Bf1 Rc5 28. Bd4 Rxc1 29. Rxc1 Bb4 30. Nb1 Nf7 31. a3 Be7 32. Rc7 Rd8 33. Bb5 Ng5 34. Kg2 Rb8 35. a4 Rd8 36. Bxd7 Rb8 37. Bb5 Bd8 38. Rc6 Rb7 39. h4 Nf7 40. Rxe6 Bxh4 41. Re8# 1-0